| 000 | 01019nam a2200301 i 4500 | ||
|---|---|---|---|
| 001 | bg | ||
| 003 | BPK | ||
| 005 | 20201008114344.0 | ||
| 008 | 990506s1983 pl a f f |001 0 pol | ||
| 015 | _aPB 1983/651 | ||
| 020 | _a832040407X | ||
| 040 |
_aWA N _cBPK |
||
| 041 | 0 | _apol | |
| 080 | _a621.43 | ||
| 080 | _a(075.8) | ||
| 100 | 1 |
_aWerner, Jan _d(1904-1966). _eAutor |
|
| 245 | 1 | 0 |
_aSilniki spalinowe małej i średniej mocy / _cJan Werner, Jan A. Wajand. |
| 250 | _aWyd. 6 popr. | ||
| 260 |
_aWarszawa : _bWydawnictwa Naukowo-Techniczne, _c1983. |
||
| 300 |
_a540, [3] s., [3] k. tabl. : _brys., wykr. ; _c25 cm. |
||
| 504 | _aBibliogr. s. 533-534. - Indeks. | ||
| 655 | 4 | _aPodręczniki akademickie | |
| 650 | 4 | _aSilniki spalinowe | |
| 710 | 2 |
_aWydawnictwa Naukowo-Techniczne _4pbl. |
|
| 700 | 1 |
_aWajand, Jan Aleksander _d(1929-2019) _eAutor |
|
| 856 |
_uhttp://koha.tu.koszalin.pl/cgi-bin/koha/opac-detail.pl?biblionumber=1849 _yKatalog online BPK |
||
| 942 |
_2UKD _cKS |
||
| 999 |
_c1849 _d1849 |
||